00770nam a2200229 a 4500001000900000005001700009008004100026020001500067040001300082050002200095100003700117245007300154260002500227300002400252440003000276500003400306650003700340650003600377942001100413999001300424952010300437BRCA_38820190320203003.0910206s1986 mx-a---##b---f001-0#spa-# a9686038434 aDLCcDLC 4aNK4225b.L67 19861 aLópez Cervantes, Gonzalo9130710aBibliografía mínima sobre cerámicacGonzalo López Cervantes. aMéxicobINAHc1986 a161 p.bil.c26 cm. 0aColección Fuentes91308 aIncluye índice onomástico14aCerámicaxBibliografía9130914aPorcelanaxBibliografía91310 2lcccB c323d323 00104070aBRCAbBRCAd2008-06-25l0oNK4225 .L67 1986p00687r2019-03-22 00:00:00w2019-03-22yB